[Event "Misurata op"]
[Site "Misurata"]
[Date "2022.12.11"]
[Round "5"]
[White "Almakas, Taha"]
[Black "Mahdia, Farage"]
[Result "0-1"]
[WhiteElo "1731"]
[BlackElo "1932"]
[PlyCount "58"]
[EventDate "2022.12.08"]
[EventType "swiss"]
[EventRounds "9"]
[EventCountry "LBY"]
[SourceTitle "EXT 2024"]
[Source "ChessBase"]
[SourceDate "2023.10.10"]
[SourceVersion "1"]
[SourceVersionDate "2023.10.10"]
[SourceQuality "1"]

1. d4 Nf6 2. Nf3 g6 3. Nc3 Bg7 4. e4 d6 5. h3 c6 6. Bf4 Qa5 7. Bd3 Nbd7 8. Qe2 0-0 9. g4 b5 10. Bd2 Qc7 11. h4 Nxg4 12. h5 e5 13. hxg6 hxg6 14. d5 b4 15. Nd1 cxd5 16. Ng5 Nc5 17. f3 dxe4 18. fxg4 exd3 19. Qh2 Re8 20. Qh7+ Kf8 21. Ne3 dxc2 22. Nd5 Nd3+ 23. Kf1 Qc4 24. Qxg7+ Kxg7 25. Rh7+ Kg8 26. Nf6+ Kf8 27. Nge4 Nf4+ 28. Kg1 Bb7 29. Rh8+ Ke7 0-1